Entreprises et territoires : Des liaisons dangereuses ? (notice n° 2198761)
[ vue normale ]
| 000 -LEADER | |
|---|---|
| fixed length control field | 01620cam a2200133 4500500 |
| 005 - DATE AND TIME OF LATEST TRANSACTION | |
| control field | 20260405085604.0 |
| 041 ## - LANGUAGE CODE | |
| Language code of text/sound track or separate title | fre |
| 042 ## - AUTHENTICATION CODE | |
| Authentication code | dc |
| 100 10 - MAIN ENTRY--PERSONAL NAME | |
| Personal name | Sauvin, Thierry |
| Relator term | author |
| 245 00 - TITLE STATEMENT | |
| Title | Entreprises et territoires : Des liaisons dangereuses ? |
| 260 ## - PUBLICATION, DISTRIBUTION, ETC. | |
| Name of publisher, distributor, etc. | Armand Colin,<br/> |
| Date of publication, distribution, etc. | 2015.<br/> |
| 520 ## - SUMMARY, ETC. | |
| Summary, etc. | Jamais le mot « compétitivité » n’a été si présent dans le langage des économistes et des politiques. Jamais l’entreprise n’a été autant mise en avant, en dépit des restructurations industrielles devenues aujourd’hui permanentes. Pour les collectivités territoriales, la question de l’attractivité des territoires est aujourd’hui cruciale… Face aux politiques d’attractivité traditionnelles qui se contentent de répondre aux besoins des entreprises, cet ouvrage vient rappeler que l’entreprise n’est pas un acteur anodin. Par ses différentes stratégies et organisations, elle inscrit les territoires dans des trajectoires de développement qui ne sont pas toujours choisies. Souvent négligée, l’empreinte territoriale de l’entreprise est une problématique que doivent prendre en considération les collectivités territoriales dans la définition de leurs politiques de développement local. L’auteur évoque ici une autre politique d’attractivité, fondée non à partir de l’entreprise mais du territoire, de ses besoins et de ses projets. Cette démarche vers une politique durable et sélective nécessite un engagement citoyen des acteurs. |
| 856 41 - ELECTRONIC LOCATION AND ACCESS | |
| Uniform Resource Identifier | <a href="https://shs.cairn.info/entreprises-et-territoires--9782200291501?lang=fr&redirect-ssocas=7080">https://shs.cairn.info/entreprises-et-territoires--9782200291501?lang=fr&redirect-ssocas=7080</a> |
Pas d'exemplaire disponible.




Réseaux sociaux